000
00308nam a2200133Ia 4500
008
190216s9999||||xx |||||||||||||| ||und||
100
_a
Little Wood.D.E
245
0
_a
University Algebra
250
_a
2nd ed
260
_b
Willam Heinemann Ltd
_c
1961
300
_a
324
650
_a
Mathematics
942
_c
BK
999
_c
30439
_d
30439